000 00440cam a2200181ua 4500
001 1923
008 110811n ii |||gr||||Z||||||eng
040 _cMAIN
082 _a370.16
100 _aRai, B. C.,
_eAuthor.
245 1 _aEducational psychology
_cby B. C. Rai
250 _a1st.
260 _aLucknow:
_bPrakashan kendra,979.
300 _a537p:
_c23cm.
653 _aEducation
653 _aEducational psychology
942 _cBK
999 _c1798
_d1798